00520nam a2200181Ia 4500003000900000008004100009020001800050040001600068080002300084245007800107260003500185300001500220650001400235650002000249650001900269700002300288700002700311IN-BaIIA211028s9999 xx 000 0 eng d a0-12-012109-3 cIIA Library a047.1:681.3bADV-9 0aAdvances in computersbvol. 9cedited by Franz L. Alt and Morris Rubinoff aNew YorkbAcademic Pressc1968 axiv, 366p. aComputers aData processing aNASA Thesaurus aAlt, Franz L., ed. aRubinoff, Morris., ed.